| 000 | 00464nam a2200157 4500 | ||
|---|---|---|---|
| 001 | 111705 | ||
| 003 | ES-MaACL | ||
| 005 | 20230906185339.0 | ||
| 007 | t| | ||
| 008 | 061121s1957 xxu r ||||1| eng d | ||
| 100 | 1 |
_aNash, William A. _984965 |
|
| 245 | 1 | 0 |
_aTheory and problems of strength of materials / _cby William A. Nash. |
| 260 |
_aNew York : _bSchaum Publishing Co., _c1957. |
||
| 300 |
_a301 p. : _bil ; _c28 cm. |
||
| 852 |
_aES-MaACL _jC-35659 _bR.69259 |
||
| 999 |
_c111705 _d111705 |
||